An Investigation into Common Institutional Terms in English and Vietnamese

Sparad:
Bibliografiska uppgifter
Huvudupphovsman: Nguyễn Ngọc Ba
Materialtyp: Okänd
Språk:English
Publicerad: ĐHĐN 2007
Ämnen:
Taggar: Lägg till en tagg
Inga taggar, Lägg till första taggen!
Thư viện lưu trữ: Mạng thư viện Đại học Đà Nẵng
LEADER 00924na a2200253 4500
001 000030878
003 4812
005 20151001092316.0
008 151001s2007 000 eng
082 |a 420.4  |b NG-B 
100 |a Nguyễn Ngọc Ba 
245 |a An Investigation into Common Institutional Terms in English and Vietnamese  |c Nguyễn Ngọc Ba 
260 |a ĐHĐN  |c 2007 
300 |a 76tr. : mh ; 30cm 
650 |a An Investigation into Common Institutional Terms in English and Vietnamese 
OWN |a LNN 
AVA |a UDN50  |b LNN  |d 420.4 NG-B  |e available  |t Error 5001 Not defined in file expand_doc_bib_avail.  |f 1  |g 0  |h N  |i 0  |k 1 
999 |a From the UDN01 
AVA |a UDN50  |b LNN  |d 420.4 NG-B  |e available  |t Error 5001 Not defined in file expand_doc_bib_avail.  |f 1  |g 0  |h N  |i 0  |k 1 
TYP |a Printed language 
980 |a Mạng thư viện Đại học Đà Nẵng